Guatemala: una pequeña luz en las tinieblas de la impunidad /
Salvato in:
| Autore principale: | |
|---|---|
| Natura: | testo |
| Tags: |
Aggiungi Tag
Nessun Tag, puoi essere il primo ad aggiungerne!!
|
MARC
| LEADER | 00000 a a2200000 04500 | ||
|---|---|---|---|
| 001 | 48383 | ||
| 003 | |||
| 040 | |||
| 100 | |a Tamayo G., Eduardo | ||
| 245 | |a Guatemala: |b una pequeña luz en las tinieblas de la impunidad / |c Eduardo Tamayo G. | ||
| 773 | |g número360, (2002), páginas 9-10 | ||
| 999 | |c 21786 |d 21786 | ||
